| 000 | 02910cam a2200397 a 4500 | ||
|---|---|---|---|
| 001 | 16075299 | ||
| 003 | OSt | ||
| 005 | 20260213140017.0 | ||
| 008 | 100129s2010 ilu b 000 0 eng | ||
| 010 | _a 2010004098 | ||
| 020 |
_a9780830824120 _qpaper - usa : alk. paper |
||
| 020 |
_a9781844744114 _qpaper - uk : alk. paper |
||
| 035 | _a16075299 | ||
| 035 | _a(OCoLC)460060896 | ||
| 040 |
_aDLC _cDLC _dBTCTA _dYDXCP _dC#P _dSGB _dBWX _dDTM _dCDX _dHNW _dDLC |
||
| 050 | 0 | 0 |
_aBS680.H54 _bT53 2010 |
| 082 | 0 | 0 |
_a234/.8 _222 |
| 100 | 1 | _aTidball, Derek. | |
| 245 | 1 | 4 |
_aThe message of holiness : _brestoring God's masterpiece / _cDerek Tidball. |
| 260 |
_aDowners Grove, Ill. : _bInterVarsity Press, _cc2010. |
||
| 300 |
_a313 p. ; _c21 cm. |
||
| 336 |
_atext _btxt _2rdacontent |
||
| 337 |
_aunmediated _bn _2rdamedia |
||
| 338 |
_avolume _bnc _2rdacarrier |
||
| 490 | 1 | _aThe Bible speaks today : Bible themes series | |
| 504 | _aIncludes bibliographical references (p. 13-19). | ||
| 505 | 0 | _apt. 1. The foundation of holiness. God of the smoking mountain (Exodus 19:1-25) ; God in glory (Isaiah 6:1-13) ; God in Trinity (1 Peter 1:1-2, 13-21) -- pt. 2. Visions of holiness. Holiness as purity (Leviticus 11:1-47) ; Holiness as wisdom (Proverbs 2:1-22) ; Holiness as justice (Isaiah 58:1-14) -- pt. 3. The transformation of holiness. Holiness personified (Luke 1:35, 4:1, 34; 23:41) ; Holiness redefined (Matthew 5:20, 48; Mark 5:1-43; 7:1-23; Luke 14:1-4) ; Holiness orchestrated (John 17:6-19) -- pt. 4. The dimensions of holiness. Inner purity (Psalm 51) ; Personal holiness (1Thessalonians 4:1-12) ; Corporate holiness (1 Peter 2:4-10, Ephesians 4:17-5:20) ; Social holiness (Micah 6:1-8) -- pt. 5. Pathways to holiness. The Spirit of God (Galatians 5:13-6:10) ; The Word of God (2 Timothy 3:14-17) ; The discipline of God (Hebrews 12:1-17) ; Union with Christ (Romans 6:1-23) ; Conflict with the enemy (Ephesians 6:10-18) ; Separation from the world (2 Corinthians 6:14-7:1) -- pt. 6. The destination of holiness. To be like him (1 John 2:28-3:10) ; He will do it (1 Thessalonians 5:23-24) -- Study guide. | |
| 520 | _aDerek Tidball surveys the Scriptures for a comprehensive biblical understanding of this elusive mandate from God to "be holy as I am holy." The triune God of glory, he contends, sets us on paths that lead us through encounters with God, ourselves, our enemies and our companions to our ultimate destination, where we discover that we have been reshaped by God into his own image. --from publisher description | ||
| 650 | 0 |
_aHoliness _xBiblical teaching. |
|
| 650 | 0 |
_aHoliness _xChristianity. |
|
| 830 | 0 |
_aBible speaks today. _pBible themes series. |
|
| 906 |
_a7 _bcbc _corignew _d1 _eecip _f20 _gy-gencatlg |
||
| 942 |
_2lcc _cBK |
||
| 999 |
_c21219 _d21218 |
||